[Event "World-chT Rapid"]
[Site "Dusseldorf"]
[Date "2023.08.26"]
[Round "2.2"]
[White "Harikrishna, Pentala"]
[Black "Orlov, Andrey"]
[Result "1-0"]
[WhiteElo "2711"]
[BlackElo "2503"]
[PlyCount "109"]
[EventDate "2023.08.26"]
[EventType "team-swiss (rapid)"]
[EventRounds "12"]
[EventCountry "GER"]
[SourceTitle "CBM 215 Extra"]
[Source "ChessBase"]
[SourceDate "2023.09.30"]
[SourceVersion "1"]
[SourceVersionDate "2023.09.30"]
[SourceQuality "1"]
[WhiteTeam "Team MGD"]
[BlackTeam "Duesseldorf"]
[WhiteTeamCountry "IND"]
[BlackTeamCountry "GER"]

1. Nf3 Nf6 2. d4 d6 3. Nbd2 Bf5 4. e3 Nbd7 5. c4 c5 6. Be2 e6 7. Nh4 Bg6 8. Nxg6 hxg6 9. b3 Be7 10. Bb2 Qc7 11. h3 a6 12. Qc2 Rc8 13. Rc1 cxd4 14. Bxd4 d5 15. Bb2 g5 16. Qd1 Qb8 17. cxd5 Rxc1 18. Qxc1 exd5 19. Qd1 Bb4 20. a3 Bd6 21. Bg4 Be5 22. Bxd7+ Kxd7 23. Qc2 Bxb2 24. Qxb2 g4 25. Qd4 Qd6 26. b4 Ke7 27. Ke2 Qc6 28. Qe5+ Kd7 29. Qf5+ Ke7 30. Qd3 Ne4 31. Nb3 Qc4 32. Rc1 Qxd3+ 33. Kxd3 gxh3 34. gxh3 Kd6 35. f3 Ng5 36. Nc5 b5 37. f4 Ne6 38. Nxe6 fxe6 39. Rg1 a5 40. Rxg7 axb4 41. axb4 Rxh3 42. Ra7 e5 43. Ra6+ Ke7 44. f5 d4 45. Re6+ Kd7 46. Rxe5 dxe3 47. Rxe3 Rh5 48. Re5 Kc6 49. Kd4 Rh1 50. Re6+ Kd7 51. Kc5 Rd1 52. Re5 Kc7 53. Rd5 Re1 54. Kxb5 Rf1 55. Kc5 1-0

[Event "Prague Masters 5th"]
[Site "Prague"]
[Date "2023.06.24"]
[Round "4"]
[White "Harikrishna, Pentala"]
[Black "Gelfand, Boris"]
[Result "1/2-1/2"]
[WhiteElo "2704"]
[BlackElo "2668"]
[PlyCount "83"]
[EventDate "2023.06.20"]
[EventType "tourn"]
[EventRounds "9"]
[EventCountry "CZE"]
[EventCategory "18"]
[SourceTitle "CBM 215 Extra"]
[Source "ChessBase"]
[SourceDate "2023.09.30"]
[SourceVersion "1"]
[SourceVersionDate "2023.09.30"]
[SourceQuality "1"]

1. c4 c5 2. Nf3 Nf6 3. Nc3 Nc6 4. d4 cxd4 5. Nxd4 e6 6. Bf4 d5 7. cxd5 Nxd5 8. Nxc6 bxc6 9. Bd2 Bb4 10. a3 Nxc3 11. Qc2 Nxe2 12. Bxb4 Nd4 13. Qc3 e5 14. 0-0-0 Qg5+ 15. Kb1 Bf5+ 16. Ka2 Be6+ 17. Bc4 Qg4 18. Rc1 Ne2 19. Qxe5 Nxc1+ 20. Rxc1 0-0-0 21. Bxe6+ Qxe6+ 22. Qxe6+ fxe6 23. Rxc6+ Kb7 24. Rxe6 Rhe8 25. Rxe8 Rxe8 26. Kb3 Kc6 27. Bd2 Re4 28. Kc3 Kd5 29. Be3 a6 30. b4 h5 31. h3 Rc4+ 32. Kb3 Re4 33. Kc3 Rc4+ 34. Kb3 Re4 35. Ka4 Kc6 36. Ka5 Kb7 37. b5 axb5 38. Kxb5 g5 39. Kc5 g4 40. hxg4 Rxg4 41. g3 h4 42. gxh4 1/2-1/2

[Event "FRA-chT Top 16 Gp Haute"]
[Site "Chartres"]
[Date "2023.06.10"]
[Round "3.2"]
[White "Kamsky, Gata"]
[Black "Harikrishna, Pentala"]
[Result "1/2-1/2"]
[WhiteElo "2659"]
[BlackElo "2704"]
[PlyCount "50"]
[EventDate "2023.06.08"]
[EventType "team-tourn"]
[EventRounds "4"]
[EventCountry "FRA"]
[SourceTitle "CBM 214 Extra"]
[Source "ChessBase"]
[SourceDate "2023.07.31"]
[SourceVersion "1"]
[SourceVersionDate "2023.07.31"]
[SourceQuality "1"]
[WhiteTeam "Chartres"]
[BlackTeam "Asnieres"]
[WhiteTeamCountry "FRA"]
[BlackTeamCountry "FRA"]

1. d4 d5 2. Nf3 Nf6 3. Bf4 e6 4. e3 Bd6 5. Bg3 c5 6. c4 0-0 7. cxd5 exd5 8. Bxd6 Qxd6 9. dxc5 Qxc5 10. Be2 Nc6 11. 0-0 Qb6 12. Qb3 Qxb3 13. axb3 Bf5 14. Nc3 a6 15. Rfc1 Rad8 16. Ra4 Rc8 17. h3 h6 18. Nd4 Nxd4 19. Rxd4 Ne4 20. Bf3 Be6 21. b4 Nxc3 22. Rxc3 Rfd8 23. g4 Rxc3 24. bxc3 Rd7 25. b5 axb5 1/2-1/2